Maps and diagrams : (Record no. 30941)

MARC details
000 -LEADER
fixed length control field 01033nam a22002777i 4500
003 - CONTROL NUMBER IDENTIFIER
control field EG-ScBUE
005 - DATE AND TIME OF LATEST TRANSACTION
control field 20250313094834.0
008 - FIXED-LENGTH DATA ELEMENTS--GENERAL INFORMATION
fixed length control field 200219t1963 xxka f 001 0 eng d
040 ## - CATALOGING SOURCE
Original cataloging agency EG-ScBUE
Language of cataloging eng
Transcribing agency EG-ScBUE
Modifying agency EG-ScBUE
Description conventions rda
082 04 - DEWEY DECIMAL CLASSIFICATION NUMBER
Edition number 22
Classification number 526.86
Item number MON
100 1# - MAIN ENTRY--PERSONAL NAME
Personal name Monkhouse, Francis John,
Relator term author.
245 10 - TITLE STATEMENT
Title Maps and diagrams :
Remainder of title their compilation and construction /
Statement of responsibility, etc by F. J. Monkhouse, professor of geography in the university of Southampton and H. R. Wilkinson, professor of geography in the university of Hull.
264 #1 - PUBLICATION, DISTRIBUTION, ETC. (IMPRINT)
Place of publication, distribution, etc London :
Name of publisher, distributor, etc Methuen & Co Ltd.,
Date of publication, distribution, etc [1963]
264 #4 - PUBLICATION, DISTRIBUTION, ETC. (IMPRINT)
Date of publication, distribution, etc c1963
300 ## - PHYSICAL DESCRIPTION
Extent xix, 432 pages :
Other physical details illustrations ;
Dimensions 22 cm.
336 ## - CONTENT TYPE
Source rdacontent
Content type term text
Content type code txt
337 ## - MEDIA TYPE
Source rdamedia
Media type term unmediated
Media type code n
338 ## - CARRIER TYPE
Source rdacarrier
Carrier type term volume
Carrier type code nc
490 0# - SERIES STATEMENT
Series statement University paperbacks ;
Volume number/sequential designation UP 75
500 ## - GENERAL NOTE
General note With 235 illustrations.
500 ## - GENERAL NOTE
General note Includes index.
500 ## - GENERAL NOTE
General note Includes appendix.<br/>
650 #7 - SUBJECT ADDED ENTRY--TOPICAL TERM
Topical term or geographic name as entry element Cartography.
Source of heading or term BUEsh
700 1# - ADDED ENTRY--PERSONAL NAME
Personal name Wilkinson, Henry Robert,
Relator term author.
942 ## - ADDED ENTRY ELEMENTS (KOHA)
Source of classification or shelving scheme Dewey Decimal Classification
Koha item type Book - Borrowing

No items available.